Fundamental Financial Accounting Concepts (Record no. 4963)

MARC details
005 - DATE AND TIME OF LATEST TRANSACTION
control field 20250625085531.0
020 ## - INTERNATIONAL STANDARD BOOK NUMBER
International Standard Book Number O-07-229903-7
082 ## - DEWEY DECIMAL CLASSIFICATION NUMBER
Classification number 657EDM.
100 ## - MAIN ENTRY--PERSONAL NAME
Author name EDMONDS.P.T.
245 ## - TITLE STATEMENT
Title Fundamental Financial Accounting Concepts
250 ## - EDITION STATEMENT
Edition statement 3rd Ed
260 ## - PUBLICATION, DISTRIBUTION, ETC.
Place of publication, distribution, etc. New York,
Name of publisher, distributor, etc. Mc Graw Hill Irwin,
Date of publication, distribution, etc. 2000.
300 ## - PHYSICAL DESCRIPTION
Extent vii.; 647p.; ill, table, figure, picture
Other physical details Index,
Dimensions 26cm
700 ## - ADDED ENTRY--PERSONAL NAME
Other authors/Editors MCNAIRA. M. F...[MILAM. E.E...OLDS.R.P...EDMONDS. D. C...]
942 ## - ADDED ENTRY ELEMENTS (KOHA)
Source of classification or shelving scheme Dewey Decimal Classification
Koha item type Books
Holdings
Date last seen Total checkouts Full call number Barcode Cost, replacement price Price effective from Koha item type Lost status Source of classification or shelving scheme Damaged status Not for loan Withdrawn status Home library Current library Shelving location Date acquired Cost, normal purchase price
06/25/2025   657EDM DOM0002070 300000.00 06/25/2025 Books   Dewey Decimal Classification       CBE Dodoma CBE Dodoma Special Reserve Collection 12/29/2003 100000.00